000 00955cam a2200289 a 4500
003 CHAP
005 20220329142045.0
008 990506d1969 us r 00010 spa d
010 _a77748
011 _a78720
035 _a88755
040 _cCHAP
090 _aR-3615
100 0 0 _aGiral, Francisco.
_948113
245 1 0 _aOrganización de la enseñanza práctica
_c/por Francisco Giral
500 _aSobretiro de: Enseñanza de la química experimental. Washington, D.C. : Unión Panamericana. pp. 49-69, 1969.
590 _aBATCH-UPD
_b10
_c20130110
_lUCH01
_h0221
590 _aBATCH-UPD
_b10
_c20130110
_lUCH01
_h1218
590 _aBATCH-UPD
_b10
_c20130409
_lUCH01
_h2241
590 _aBATCH-UPD
_b10
_c20130914
_lUCH01
_h1309
590 _aCONVERSION
_b10
_c20130109
_lUCH01
_h1343
650 1 4 _aEnseñanza
_xMetodología.
_937086
901 _aBK
905 _aGuadalupe Pinto C.
942 _cREIMP
949 _aR-3615
_bBC
_cR
_d887551
_eTS1
_i88755
_sb
999 _c77748
_d77748